000 00329nam a2200133Ia 4500
008 240624s9999 xx 000 0 und d
041 _aeng
082 _a823 DIC
100 _aDICKENS CHARLES
245 _aGREAT EXPECTATIONS
260 _c2010
_aNew Delhi
_bHarperCollins
300 _aviii, : 460 : p. : cm. ; 17
365 _cRS
999 _c28709
_d28709